00366pab a2200145 454500008004000000100001800040245004300058260000900101300001400110362001100124650001900135650002000154650001200174773003400186180718b2003 xxu||||| |||| 00| 0 eng d aDeaton, Angus aPrices and poverty in India, 1987-2000 c2003 ap.362-68. a25 Jan aPrices - India aPoverty - India aPoverty aEconomic and Political Weekly